Riconosci il Pokémon - Quiz n°908 - Statistics

Statistiche generali
  • Questo quiz è stato fatto 2 volte
  • Il punteggio medio è 10 su 10
Statistiche sulle risposte
Indizio Risposta % Corretto
Peso 125,8 kg
100%
Altezza 1,2 m
100%
Sesso 50% ♂, 50% ♀
100%
Tasso di cattura 75 (17.5%)
100%
Tipo Coleottero / Acciaio
100%
Pokémon Forretress
100%
Tasso di allevamento Medio-Veloce
100%
Stadio evoluzione Prima evoluzione
100%
Generazione Seconda
100%
Abilità Vigore; Copricapo
100%
Nessun quiz corrispondente trovato
Distribuzione punteggi
Percentuale di utenti per punteggio
Percentile per numero di risposta
I tuoi punteggi nel tempo
Non hai fatto questo quiz